000 00381nam a2200145Ia 4500
008 230917s9999||||xx |||||||||||||| ||und||
040 _e95568
_aMAIN
041 _aEnglish
082 _a658.3 V319E
100 _aVanita
245 0 _aEffective communication in human resource development
260 _aNew Delhi
_bAtlantic Publishers
_c2003
300 _ax, 115 p.
942 _cBK
999 _c114884
_d114884